Lyrics from the Encanto song The Family Madrigal - Statistics

General Stats
  • This quiz has been taken 151 times
  • The average score is 413 of 580
Answer Stats
Answer % Correct
a
97%
A
97%
I
97%
do
95%
family.
95%
family
95%
Family
95%
family,
95%
the
95%
The
95%
We
95%
we
95%
is
94%
is,
94%
Madrigal.
94%
Madrigal
94%
Madrigal,
94%
to
94%
an
93%
he
92%
my
92%
My
92%
of
90%
This
90%
this
90%
and
89%
And
89%
Abuela
88%
can
88%
hear
88%
So
88%
so
88%
so…
88%
So,
88%
Yo,
88%
you
88%
get
86%
in
86%
about
85%
go!
85%
go,
85%
go!).
85%
go.
85%
go
85%
on
85%
our
85%
be
84%
Bruno…
84%
Bruno!
84%
Let's
84%
let's
84%
(Let's
84%
me,
84%
don't
83%
gets
83%
perfect
83%
Perfect
83%
She
83%
she
83%
Welcome
83%
every
82%
I'm
82%
it
82%
It
82%
Pepa,
82%
Pepa
82%
home,
81%
home
81%
mom
81%
Mom!
81%
one
81%
One
81%
weather.
81%
weather
81%
who
81%
know,
80%
know
80%
When
80%
many
78%
talk
78%
tía
78%
Tía
78%
tío
78%
Tío
78%
with
78%
heal
77%
her
77%
Her
77%
no
77%
part
77%
They
77%
sister
76%
that
76%
dad
75%
got
75%
its
75%
it's
75%
strong,
75%
strong
75%
are
74%
gift
74%
gift?)
74%
she's
74%
She's
74%
all
73%
Cousin
73%
cousin
73%
Doors,
73%
Floors,
73%
generation.
73%
generation
73%
Julieta,
73%
Julieta.
73%
Julieta
73%
magical.
73%
magical
73%
Where
73%
your
73%
drop.
72%
for
72%
grow.
72%
how
72%
his
70%
pin
70%
that's
70%
That's
70%
then
70%
day
69%
Dolores
69%
Luisa.
69%
(Luisa!
69%
Luisa!
69%
Luisa!)
69%
mood
69%
us
69%
us.
69%
way).
69%
way.
69%
constellation.
68%
future,
68%
sisters,
68%
sisters
68%
well,
68%
Well,
68%
well
68%
Well…
68%
Antonio
67%
feel…
67%
feel
67%
If
67%
if
67%
Isabela
67%
(Isabela)
67%
marry
67%
shine.
67%
today.
67%
today
67%
we've
67%
But
66%
but,
66%
but
66%
(but
66%
music,
66%
saw
66%
say
66%
what
66%
everybody
65%
fantastical
65%
now
65%
Now
65%
child,
64%
full
64%
weird.
64%
affects
63%
Camilo
63%
does.
63%
golden
63%
here
63%
married
63%
meal.
63%
year
63%
Drawers,
61%
flower,
61%
just
61%
kids
61%
round-up
61%
round-up).
61%
show.
61%
disappeared.
60%
grandkid
60%
(Grandkid
60%
house.
60%
people
60%
real.
60%
runs
60%
Two
60%
beauty
59%
became
59%
Félix
59%
Oh
59%
temperature
59%
think
59%
town
59%
(we're
59%
ago.
58%
deal.
58%
love
58%
super
58%
you're
58%
design.
57%
Mirabel?).
57%
(Mirabel)
57%
(Mirabel).
57%
Mirabel!
57%
older
57%
own
57%
stars
57%
time
57%
unhappy,
57%
clear,
56%
imagine
56%
sound
56%
Whoa!
56%
whoa!
56%
(whoa).
56%
years
56%
goes
55%
here's
55%
wrong.
55%
lot
53%
wild.
53%
graceful,
52%
make
52%
rhythm
52%
up,
52%
why?
52%
fell
51%
shapeshifts,
51%
truth
51%
turn
51%
impressed,
50%
keep
50%
There's
50%
they're
50%
miracle
49%
away
48%
simply
48%
you've
48%
growing,
47%
guys
47%
help
47%
keeps
47%
mile
47%
what's
47%
around
45%
blessings
45%
always
44%
Luisa's
44%
remedies
44%
brawn
43%
burning
43%
burning.
43%
Grows
43%
will
43%
bit
42%
cousins
42%
found
42%
gotta
42%
life
42%
those
42%
recipes
41%
(Hey,
40%
Hey,
40%
hey
40%
somehow
40%
sounds
40%
Okay,
39%
okay,
39%
okay.
39%
starts
39%
better
38%
each
38%
led
38%
new
38%
swear
38%
must
36%
prima
36%
never
35%
arepa
34%
autobiographical.
34%
he's
34%
too
34%
amazing
33%
chorus
33%
donna.
33%
wanna
33%
whole
33%
world
33%
makes
32%
means
32%
dedication
31%
earn
31%
everyone
31%
meant
31%
said
31%
work
31%
Agustín,
28%
handles
28%
kind
28%
Mariano,
28%
much
28%
primo
28%
smile
28%
turning
28%
won't
28%
yeah,
27%
adiós!
26%
between
26%
family's
26%
really
26%
stop
26%
Look,
25%
until
25%
coming
24%
I've
24%
review
24%
through).
23%
accident-prone
22%
Mister
22%
thank
18%
Ooh
11%
No matching quizzes found
Score Distribution
Percent of People with Each Score
Percentile by Number Answered
Your Score History
You have not taken this quiz